000 00930nam a22002297a 4500
003 OSt
005 20220803095333.0
008 120530t xxu||||| |||| 00| 0 eng d
024 _a2AACC01071314
040 _cLC
050 _aHF5636.R64
100 _eRobertson, Rick
245 _aFinance and accounting refresher. /
_cRick Robertson
260 _aLondon, Ontario:
_bIvey Business School,
_c2014.
300 _a[various pagings].:
_bill.;
490 _3Business case studies
505 _aContents: Cartwright Lumber Co. -- Present value exercise -- Telus: the cost of capital -- Valuation slides -- H & R Reit -- Cake Masters -- Integration under the Canadian Income Tax Act -- Maple Leaf Foods, 2012 financial statement question -- Maple Leaf Foods, 2012 financial statement
650 _aManagerial accounting.
_939
650 _aCorporations--Finance
_940
710 _bIvey Business School
_923
942 _2lcc
_cBK
999 _c9105
_d16605